000 00455 a2200157 4500
003 OSt
005 20240106125426.0
008 231218b |||||||| |||| 00| 0 eng d
020 _a9788181439840
040 _coclc
082 _a891.43371
_bSHA/S
100 _aSharma, Nasira
_910149
245 _aSANGSAAR /
_cNasera Sharma
260 _aNew Delhi:
_bVani Prakashan,
_c2020.
942 _2ddc
_cBK
_h891.43371
_iSHA/S
_k891.43371
_mSHA/S
999 _c43471
_d43471